Elements of Workshop Technoogy (Record no. 19017)
[ view plain ]
| 000 -LEADER | |
|---|---|
| fixed length control field | 00394nam a22001577a 4500 |
| 003 - CONTROL NUMBER IDENTIFIER | |
| control field | OSt |
| 008 - FIXED-LENGTH DATA ELEMENTS--GENERAL INFORMATION | |
| fixed length control field | 250113b |||||||| |||| 00| 0 eng d |
| 041 ## - LANGUAGE CODE | |
| Language code of text/sound track or separate title | eng |
| 082 ## - DEWEY DECIMAL CLASSIFICATION NUMBER | |
| Classification number | 621.9 |
| Item number | HAJ/EL |
| 100 ## - MAIN ENTRY--AUTHOR NAME | |
| Personal name | Hajra Choudhary, SK |
| 245 ## - TITLE STATEMENT | |
| Title | Elements of Workshop Technoogy |
| 250 ## - EDITION STATEMENT | |
| Edition statement | 9th |
| 260 ## - PUBLICATION, DISTRIBUTION, ETC. (IMPRINT) | |
| Place of publication | Bombay: |
| Name of publisher | Media Promoters, |
| Year of publication | 1985. |
| 700 ## - ADDED ENTRY--PERSONAL NAME | |
| Personal name | Hajar Choudhari, AK |
| 942 ## - ADDED ENTRY ELEMENTS (KOHA) | |
| Koha item type | Books |
| Withdrawn status | Lost status | Damaged status | Home library | Current library | Date acquired | Source of acquisition | Cost, normal purchase price | Full call number | Accession Number | Koha item type |
|---|---|---|---|---|---|---|---|---|---|---|
| KAUAET | KAUAET | 13/01/2025 | M/S Minerva Book Stall, Thrissur | 38.00 | 621.9 HAJ/EL | 15038 | Books | |||
| KAUAET | KAUAET | 13/01/2025 | M/S Minerva Book Stall, Thrissur | 38.00 | 621.9 HAJ/EL | 15040 | Books |
